|
|
|
|
| LEADER |
01144nam a22002537a 4500 |
| 001 |
AAL7969 |
| 003 |
BD-DhAAL |
| 005 |
20160305190328.0 |
| 008 |
160305s 2002bg ||||| |||| 00| 0 mul d |
| 020 |
|
|
|a 9844102863
|
| 040 |
|
|
|a BD-DhAAL
|c BD-DhAAL
|
| 082 |
|
|
|a 192.3
|
| 100 |
|
|
|a বার্কলি, জর্জ
|9 18352
|
| 245 |
|
|
|a মানুষের জ্ঞানসূত্র /
|c জর্জ বার্কলি, অনুবাদ আবদুল মতীন
|
| 260 |
|
|
|a ঢাকা :
|b মাওলা ব্রাদার্স,
|c ২০০২
|
| 300 |
|
|
|a ৯৬ পৃ. ;
|c ২২ সে.মি.
|
| 541 |
|
|
|e 7969
|
| 650 |
|
|
|a জ্ঞানসুত্র
|9 18353
|
| 700 |
|
|
|a মতীন, আবদুল
|9 18354
|
| 852 |
|
|
|a Savar Campus Library
|c General Shelf
|
| 942 |
|
|
|2 ddc
|c BK
|
| 999 |
|
|
|c 37040
|d 37040
|
| 952 |
|
|
|0 0
|1 0
|2 ddc
|4 0
|6 192_300000000000000_BAR
|7 0
|9 58284
|a SCL
|b SCL
|c GEN
|d 2016-03-05
|g 70.00
|l 0
|o 192.3 BAR
|p 3020007969
|r 2016-03-05
|t 1
|w 2016-03-05
|y BK
|
| 952 |
|
|
|0 0
|1 0
|2 ddc
|4 0
|6 192_300000000000000_BAR
|7 0
|9 58285
|a SCL
|b SCL
|c GEN
|d 2016-03-05
|g 70.00
|l 0
|o 192.3 BAR
|p 3020007968
|r 2016-03-05
|t 2
|w 2016-03-05
|y BK
|